Music Quiz

Random Music or Clickable Quiz

'60s Song Title Match-Up II Quiz Stats

 Plays Quiz Updated May 20, 2019

Score 0/24 Timer 04:00
0 Plays Today
% Correct
The House of the Rising
98.2%
These Boots Are
98.2%
I Heard It Through
97.7%
Eight Days
97.4%
Will You
97.3%
What A
96.9%
Louie
96.8%
A Change Is
96.7%
Leader of
96.6%
We Gotta Get
96.6%
You Keep Me
96.4%
Do Wah
96.4%
% Correct
Paint It,
96.2%
Sympathy for
96.1%
Eleanor
96%
Jumpin' Jack
95%
Unchained
94.9%
All Along
94.7%
River Deep
94.3%
The Tracks of
93.8%
Green
93.2%
See Emily
91.9%
Cathy's
88.8%
Waterloo
87.6%

You're not logged in!

Compare scores with friends on all Sporcle quizzes.
OR
Log In

Sporcle TV

Today on Sporcle TV


Watch our educational content, quiz creation guides, and fun videos on Sporcle TV.

Show Comments

Extras

Top Quizzes Today


Score Distribution

Your Account Isn't Verified!

In order to create a playlist on Sporcle, you need to verify the email address you used during registration. Go to your Sporcle Settings to finish the process.

Report this User

Report this user for behavior that violates our Community Guidelines.

Details: